LIBRARY & INFORMATION CENTRE, KCAET, TAVANUR

ONLINE PUBLIC ACCESS CATALOGUE (OPAC)

Introduction to Eighteenth Century Drama / (Record no. 2779)

MARC details
000 -LEADER
fixed length control field 00411cam a2200157ua 4500
041 ## - LANGUAGE CODE
Language code of text/sound track or separate title eng
082 ## - DEWEY DECIMAL CLASSIFICATION NUMBER
Classification number 828.09
Item number BOA/IN
100 ## - MAIN ENTRY--AUTHOR NAME
Personal name Boas, Frederick S .
245 ## - TITLE STATEMENT
Title Introduction to Eighteenth Century Drama /
260 ## - PUBLICATION, DISTRIBUTION, ETC. (IMPRINT)
Place of publication London :
Name of publisher Oxford University Press ,
Year of publication 1965.
300 ## - PHYSICAL DESCRIPTION
Number of Pages 365 ; .
942 ## - ADDED ENTRY ELEMENTS (KOHA)
Koha item type Books
Holdings
Withdrawn status Lost status Damaged status Home library Current library Date acquired Full call number Accession Number Koha item type
Withdrawn     KAUAET Sanskrit University 07/04/2012 828.09 11945 Books
Withdrawn     KAUAET Sanskrit University 07/04/2012 828.09 5309 Books
free website counter